Brouhahas of cocks/ (Record no. 163252)
[ view plain ]
| 000 -LEADER | |
|---|---|
| fixed length control field | 00555nam a2200181 4500 |
| 005 - DATE AND TIME OF LATEST TRANSACTION | |
| control field | 20190406125313.0 |
| 010 ## - LCCN (DPL NO) | |
| LC control number | ENG-125024 |
| 020 ## - INTERNATIONAL STANDARD BOOK NUMBER | |
| International Standard Book Number | 9789382749011 |
| Terms of availability | 250.00 |
| 035 ## - SYSTEM CONTROL NUMBER | |
| System control number | EN-108556 |
| 037 ## - SOURCE OF ACQUISITION | |
| Source of stock number/acquisition | DBAD/PUB |
| 082 ## - DEWEY DECIMAL CLASSIFICATION NUMBER | |
| Classification number | 881 |
| 100 ## - MAIN ENTRY--PERSONAL NAME | |
| Personal name | Dalvi, Mustansir |
| 245 ## - TITLE STATEMENT | |
| Title | Brouhahas of cocks/ |
| Statement of responsibility, etc | by Mustansir Dalvi |
| 260 ## - PUBLICATION, DISTRIBUTION, ETC. (IMPRINT) | |
| Place of publication, distribution, etc | Mumbai |
| Name of publisher, distributor, etc | Poetrywala |
| Date of publication, distribution, etc | 2013 |
| 270 ## - ADDRESS | |
| Address | 1701/1702,6A Whispering Palms, Lokhandwala Township |
| City | Kandivali (E) |
| Postal code | 400101 |
| Electronic mail address | poetrywala@hotmail.com |
| 300 ## - PHYSICAL DESCRIPTION | |
| Extent | 100p. |
| Dimensions | 24cm(pbk) |
| 942 ## - ADDED ENTRY ELEMENTS (KOHA) | |
| Source of classification or shelving scheme | Dewey Decimal Classification |
| Item type | English Books |
| Classification part | 881 |
| Call number suffix | DAL |
| Withdrawn status | Lost status | Not for loan | Collection code | Home library | Current library | Date acquired | Source of acquisition | Cost, normal purchase price | Full call number | Barcode | Copy number | Cost, replacement price | Koha item type |
|---|---|---|---|---|---|---|---|---|---|---|---|---|---|
| Not For Loan | Non-fiction | D.B.Act.Division | Central Library | 06/04/2019 | DBAD/PUB | 250.00 | 881 DAL | EN-108556 | 1 | 250.00 | English Books |
